00568nam a2200157 a 450000100100000000500170001000800410002704000250006808200140009324500640010726000610017130000210023259000280025395201120028199900170039300004916820201002061714.0190724s2009 dr 000 spa d aDO-SdBNPbspacBNPHU axxxbC743 0aConvención de las Naciones Unidas contra la corrupción. aSanto Domingo :bPlan de Seguridad Democrática,c2009. a175 p. ;c13 cm. aInventariado, 2019 / DG 0010718PDaPDbPDcHDd2019-07-24iLF1l0oxxx C743p49169-10r2020-06-25w2020-06-25yLFPDZNo se presta c48656d48656